000 03113nam a2200373 4500
001 OTLid0000154
003 MnU
005 20201105133300.0
006 m o d s
008 180907s2008 mnu o 0 0 eng d
020 _a
040 _aMnU
_beng
_cMnU
050 4 _aQA1
050 4 _aQA37.3
100 1 _aBurzynski, Denny
_eauthor
245 0 0 _aFundamentals of Mathematics
_cDenny Burzynski
264 2 _bOpen Textbook Library
264 1 _bOpenStax CNX
300 _a1 online resource
490 0 _aOpen textbook library.
505 0 _a1 Addition and Subtraction of Whole Numbers -- 2 Multiplication and Division of Whole Numbers -- 3 Exponents, Roots, and Factorization of Whole Numbers -- 4 Introduction to Fractions and Multiplication and Division of Fractions -- 5 Addition and Subtraction of Fractions, Comparing Fractions, and Complex Fractions -- 6 Decimals -- 7 Ratios and Rates -- 8 Techniques of Estimation -- 9 Measurement and Geometry -- 10 Signed Numbers -- 11 Algebraic Expressions and Equations
520 0 _aFundamentals of Mathematics is a work text that covers the traditional study in a modern prealgebra course, as well as the topics of estimation, elementary analytic geometry, and introductory algebra. It is intended for students who: have had previous courses in prealgebra wish to meet the prerequisites of higher level courses such as elementary algebra need to review fundamental mathematical concenpts and techniques This text will help the student devlop the insight and intuition necessary to master arithmetic techniques and manipulative skills. It was written with the following main objectives: to provide the student with an understandable and usable source of information to provide the student with the maximum oppurtinity to see that arithmetic concepts and techniques are logically based to instill in the student the understanding and intuitive skills necessary to know how and when to use particular arithmetic concepts in subsequent material cources and nonclassroom situations to give the students the ability to correctly interpret arithmetically obtained results We have tried to meet these objects by presenting material dynamically much the way an instructure might present the material visually in a classroom. (See the development of the concept of addition and subtraction of fractions in section 5.3 for examples) Intuition and understanding are some of the keys to creative thinking, we belive that the material presented in this text will help students realize that mathematics is a creative subject.
542 1 _fAttribution
546 _aIn English.
588 0 _aDescription based on online resource
650 0 _aMathematics
_vTextbooks
700 1 _aEllis, Wade
_eauthor
710 2 _aOpen Textbook Library
_edistributor
856 4 0 _uhttps://open.umn.edu/opentextbooks/textbooks/154
_zAccess online version
999 _c19574
_d19574